[Event "Grigorov Memorial"]
[Site "Pernik"]
[Date "2003.12.14"]
[Round "7"]
[White "Jovchev, Aleksi"]
[Black "Spassov, Liuben"]
[Result "1-0"]
[WhiteElo "2259"]
[BlackElo "2376"]
[PlyCount "55"]
[EventDate "2003.12.12"]
[EventType "swiss"]
[EventRounds "7"]
[EventCountry "BUL"]
[SourceTitle "EXT 2005"]
[Source "ChessBase"]
[SourceDate "2004.11.15"]
[SourceVersion "1"]
[SourceVersionDate "2004.11.15"]
[SourceQuality "1"]

1. d4 Nf6 2. Bg5 e6 3. e4 c5 4. e5 h6 5. Bxf6 gxf6 6. d5 fxe5 7. Nc3 b6 8. dxe6 Bg7 9. Qf3 fxe6 10. Qxa8 Nc6 11. Bb5 Qc7 12. Ba6 0-0 13. Bxc8 Rxc8 14. Nb5 Qd8 15. Qb7 a6 16. Na7 Nxa7 17. Qxa7 d5 18. Qxa6 c4 19. Ne2 Rc5 20. 0-0 d4 21. b4 Rc8 22. Rad1 Qc7 23. a4 Rd8 24. a5 Rd6 25. Qb5 bxa5 26. bxa5 Kh7 27. a6 Rd5 28. Qb7 1-0

[Event "Grigorov Memorial"]
[Site "Pernik"]
[Date "2003.12.13"]
[Round "3"]
[White "Stoinev, Metodi"]
[Black "Jovchev, Aleksi"]
[Result "1-0"]
[WhiteElo "2331"]
[BlackElo "2259"]
[PlyCount "94"]
[EventDate "2003.12.12"]
[EventType "swiss"]
[EventRounds "7"]
[EventCountry "BUL"]
[SourceTitle "EXT 2005"]
[Source "ChessBase"]
[SourceDate "2004.11.15"]
[SourceVersion "1"]
[SourceVersionDate "2004.11.15"]
[SourceQuality "1"]

1. e4 e5 2. Nf3 Nc6 3. Bb5 a6 4. Ba4 Nf6 5. 0-0 Be7 6. Qe2 b5 7. Bb3 0-0 8. c3 Bb7 9. d3 h6 10. Nbd2 Re8 11. Re1 d5 12. Nf1 Bf8 13. Ng3 dxe4 14. dxe4 Na5 15. Bc2 g6 16. h3 c5 17. b3 Qc7 18. Nh2 h5 19. Nf3 Nc6 20. Bb2 Bg7 21. Bd3 Nd7 22. a4 b4 23. cxb4 Nxb4 24. Bc4 Nb6 25. a5 Nxc4 26. Qxc4 Rad8 27. Red1 Bc8 28. Ng5 h4 29. Nf1 Bf6 30. Nf3 Rxd1 31. Rxd1 Qxa5 32. Ne3 Be6 33. Nd5 Nxd5 34. exd5 Bd7 35. Ra1 Qb4 36. Rxa6 Bg7 37. Qxb4 cxb4 38. Rb6 f6 39. Nxh4 g5 40. Nf3 Rd8 41. Rxb4 Bf5 42. Nd2 Rxd5 43. Nc4 Rd1+ 44. Kh2 Be6 45. Ba3 Rf1 46. Rb8+ Kh7 47. Bc5 Rb1 1-0

[Event "BUL-chT"]
[Site "Pamporovo"]
[Date "2001.10.05"]
[Round "4"]
[White "Manolov, Ivan"]
[Black "Jovchev, Aleksi"]
[Result "1-0"]
[WhiteElo "2331"]
[BlackElo "2239"]
[PlyCount "117"]
[EventDate "2001.10.03"]
[EventType "team"]
[EventRounds "7"]
[EventCountry "BUL"]
[SourceTitle "CBM 084 Extra"]
[Source "ChessBase"]
[SourceDate "2001.10.26"]
[SourceVersion "1"]
[SourceVersionDate "2001.10.26"]
[SourceQuality "1"]

1. e4 e5 2. Nf3 Nc6 3. Bc4 Nf6 4. d3 Bc5 5. c3 a6 6. b4 Ba7 7. 0-0 d6 8. h3 Qe7 9. Nbd2 Nh5 10. Bb3 Nf4 11. Nc4 Qf6 12. Bxf4 Qxf4 13. Qc1 Qxc1 14. Raxc1 0-0 15. Ne3 Ne7 16. d4 Ng6 17. dxe5 dxe5 18. Nc4 Re8 19. Rcd1 h6 20. Rd2 b5 21. Na5 c5 22. Bd5 Rb8 23. Nc6 Rb7 24. Nfxe5 Nxe5 25. Nxe5 Rc7 26. Nf3 Kh8 27. Rfd1 f5 28. exf5 Bxf5 29. g4 Bh7 30. Nh4 g5 31. Nf5 Bxf5 32. gxf5 c4 33. Be6 Bb8 34. Rd5 Kg7 35. a4 Rb7 36. axb5 axb5 37. Rd7+ Re7 38. Rxe7+ Rxe7 39. Rd5 Rb7 40. Bd7 Kf6 41. Bxb5 Be5 42. Bxc4 Bxc3 43. b5 Be5 44. Bd3 Ra7 45. Kg2 h5 46. Rd8 Ra3 47. Rd7 g4 48. hxg4 hxg4 49. b6 Rb3 50. b7 Rb2 51. Kf1 g3 52. fxg3 Bxg3 53. Rh7 Rf2+ 54. Kg1 Rb2 55. Be4 Bf4 56. Rh8 Rb4 57. Re8 Kf7 58. Re6 Rb2 59. Bd5 1-0